Logo BPK

Bibliografia Prac Pracowników

Politechniki Koszalińskiej

Symulacja ruchu wirowego cieczy w kadzi wirowo-osadowej / (Rekord nr 6019)

Szczegóły MARC
000 -ETYKIETA REKORDU
podpole kontrolne o stałej długości 01508naa a2200253 i 4500
001 - NUMER KONTROLNY REKORDU
podpole kontrolne BPP
003 - IDENTYFIKATOR NUMERU KONTROLNEGO REKORDU
podpole kontrolne BPK
005 - DATA OSTATNIEJ MODYFIKACJI REKORDU
podpole kontrolne 20180124124121.0
008 - POLE O STAŁEJ DŁUGOŚCI - DANE KONTROLNE
podpole kontrolne o stałej długości 140909s2004 pl f |100 0 pol
040 ## - ŹRÓDŁO KATALOGOWANIA
Instytucja, która utworzyła rekord BPK
080 ## - UNIWERSALNA KLASYFIKACJA DZIESIĘTNA - UKD
UKD 664
100 ## - NAZWA OSOBOWA
Nazwa osobowa DIAKUN, Jarosław.
Lata pracy 1996 - .
Instytucja Politechnika Koszalińska - Wydział Mechaniczny,
Wydział Katedra Inżynierii Spożywczej i Tworzyw Sztucznych
245 ## - TYTUŁ/ODPOWIEDZIALNOŚĆ
Tytuł Symulacja ruchu wirowego cieczy w kadzi wirowo-osadowej /
Pozostałe elementy strefy tytułu i oznaczenia odpowiedzialności Jarosław Diakun, Marek Jakubowski.
260 ## - STREFA ADRESU WYDAWNICZEGO
Data publikacji, dystrybucji/powstania dokumentu 2004.
500 ## - UWAGI OGÓLNE
Tekst uwagi Dane z autopsji.
520 ## - UWAGA DOTYCZĄCA TREŚCI DOKUMENTU
Analiza dokumentacyjna, adnotacja itp. Celem pracy jest analiza możliwości zastosowania komercyjnego pakietu MES ANSYS/FLOTRAN do modelowania zagadnienia wirowego ruchu cieczy oraz weryfikacja zbudowanego komputerowego modelu symulacyjnego w odniesieniu do prowadzonego procesu wirowania na modelu laboratoryjnym z uwzględnieniem jednakowych warunków początkowych ruchu cieczy w zbiorniku cylindrycznym kadzi.
650 #0 - HASŁO PRZEDMIOTOWE W FORMIE NAZWY OGÓLNEJ LUB JEDNOSTKOWEJ
Nazwa ogólna lub geograficzna Zbiorniki.
650 #0 - HASŁO PRZEDMIOTOWE W FORMIE NAZWY OGÓLNEJ LUB JEDNOSTKOWEJ
Nazwa ogólna lub geograficzna Technologia - urządzenia.
655 #0 - TERMIN INDEKSOWY - OKREŚLENIE RODZAJU/FORMY DOKUMENTU
Określnie rodzaju/formy dokumentu Materiały konferencyjne.
700 ## - HASŁO DODATKOWE - NAZWA OSOBOWA
Nazwa osobowa JAKUBOWSKI, Marek.
Lata pracy 2001 - .
Instytucja Politechnika Koszalińska - Wydział Mechaniczny,
Wydział Katedra Inżynierii Spożywczej i Tworzyw Sztucznych
773 ## - TYTUŁ DOKUMENTU MACIERZYSTEGO
Tytuł Budowa i eksploatacja maszyn przemysłu spożywczego BEMS 2004 : XI Konferencja Naukowo-Techniczna. -
Adres wydawniczy Koszalin : Wydaw. Uczelniane Politechniki Koszalińskiej, 2004. -
Informacje dotyczące relacji s. 45
711 ## - HASŁO DODATKOWE - NAZWA IMPREZY
Nazwa imprezy BEMS 2004
Oznaczenie części/sekcji dzieła (11 ;
Data imprezy 2004 ;
Miejsce imprezy Koszalin - Darłówko, Polska).
Nazwa części/sekcji dzieła BEMS 2004
942 ## - HASŁO DODATKOWE - ELEMENTY(KOHA)
Typ dokumentu Artykuł
Schemat klasyfikacji Uniwersalna klasyfikacja dziesiętna
Egzemplarze
Wycofany Zagubiony Uszkodzony Dostępność Lokalizacja stała Lokalizacja bieżąca Sygnatura Typ dokumentu
      Dostępny Bibliografia Prac Pracowników - BPK Bibliografia Prac Pracowników - BPK 72061 Artykuł
© 2014 Biblioteka Politechniki Koszalińskiej :: BIBLIOGRAFIA PRAC PRACOWNIKÓW